Comer Douglas E. (Record no. 3543)
[ view plain ]
| 000 -LEADER | |
|---|---|
| fixed length control field | 00488nam a2200145Ia 4500 |
| 008 - FIXED-LENGTH DATA ELEMENTS--GENERAL INFORMATION | |
| fixed length control field | 151015s9999 xx 000 0 und d |
| 020 ## - INTERNATIONAL STANDARD BOOK NUMBER | |
| International Standard Book Number | 132169878 |
| 050 ## - LIBRARY OF CONGRESS CALL NUMBER | |
| Classification number | TK 5105.585.C66 1995 |
| 245 ## - TITLE STATEMENT | |
| Title | Comer Douglas E. |
| 250 ## - EDITION STATEMENT | |
| Edition statement | _Internetworking with TCP/IP Principles, protocols, and architecture (3rd ed) Douglas E. Comer |
| 300 ## - PHYSICAL DESCRIPTION | |
| Extent | New Jersey Prentice hall 1995 |
| 500 ## - GENERAL NOTE | |
| General note | Include index |
| 650 ## - SUBJECT ADDED ENTRY--TOPICAL TERM | |
| Topical term or geographic name as entry element | _TCP/IP computer network protocals |
| 700 ## - ADDED ENTRY--PERSONAL NAME | |
| Personal name | ^d20120827 10:48:11^oanne |
No items available.